Nommer une réponse valide suivant l'ordre alphabétique - Statistiques

Statistiques générales
  • Ce quiz a été pris 164 fois
  • Le résultat moyen est 94 sur 156
Statistiques - réponses
Indice Lettre Réponse % Correct
État des États-unis B
100%
État des États-unis H
100%
Préfecture française I
100%
Préfecture française J
100%
État des États-unis J
100%
Élément chimique J
100%
Département français K
100%
Préfecture française K
100%
Département français Q
100%
État des États-unis Q
100%
Élément chimique Q
100%
État des États-unis S
100%
Capitale mondiale U
100%
Département français U
100%
Préfecture française U
100%
Pays W
100%
Département français W
100%
Préfecture française W
100%
Élément chimique W
100%
Pays X
100%
Capitale mondiale X
100%
Département français X
100%
Préfecture française X
100%
État des États-unis X
100%
Préfecture française Y
100%
État des États-unis Y
100%
Département français Z
100%
Préfecture française Z
100%
État des États-unis Z
100%
Pays A Afghanistan | Afrique du Sud | Albanie | Algérie |Allemagne | Andorre | Angola | Antigua-et-Barbuda | Arabie saoudite |Argentine | Arménie | Aruba |Australie | Autriche | Azerbaïdjan
98%
Pays B Bahamas | Bahreïn | Bangladesh | Barbade |Belgique |Bélize |Bénin |Bhoutan,Biélorussie | Birmanie |Bolivie | Bosnie-Herzégovine | Botswana | Brésil | Brunéi | Bulgarie | Burkina Faso | Burundi | Birmanie
95%
État des États-unis A Alabama | Alaska | Arizona | Arkansas
89%
Élément chimique A Actinium | Aluminium | Américium | Antimoine | Argon | Arsenic | Astate | Argent | Azote
86%
Capitale mondiale B Bagdad | Bakou | Bamako | Bandar Seri Begawan | Bangkok | Bangui | Banjul | Basseterre | Belgrade | Belmopan | Berlin | Berne | Beyrouth | Bichkek | Bissau | Bogota | Brasilia | Bratislava | Brazzaville | Bridgetown | Bruxelles | Bucarest | Budapest | Buenos Aires | Bujumbura
85%
Pays C Cambodge | Cameroun | Canada | Cap-Vert | Centrafrique | Chili | Chine | Chypre | Colombie | Comores | Corée du Nord | Corée du Sud | Costa Rica | Côte d’Ivoire | Croatie | Cuba
84%
Département français A Ain | Aisne | Allier | Alpes-de-Haute-Provence | Alpes-Maritimes | Ardèche | Ardennes | Ariège | Aube | Aude | Aveyron
83%
Pays E Égypte | Émirats arabes unis | Équateur | Érythrée | Espagne | Estonie | Eswatini | États Fédérés de Micronésie | États-Unis | Éthiopie
82%
Pays D Danemark | Djibouti | Dominique
80%
État des États-unis C Californie | Caroline du Nord | Caroline du Sud | Colorado | Connecticut
74%
Pays F Fidji | Finlande | France
74%
Capitale mondiale A Abu Dhabi | Abuja | Accra | Achgabat | Addis-Abeba | Alger | Amman | Amsterdam | Andorre-la-Vieille | Ankara | Antananarivo | Apia | Asmara | Astana | Asunción | Athènes
73%
Préfecture française B Bar-le-Duc | Basse-Terre | Bastia | Beauvais | Belfort | Besançon | Blois | Bobigny | Bordeaux | Bourg-en-Bresse | Bourges
72%
Préfecture française A Agen| Ajaccio | Albi | Alençon | Amiens | Angers | Angoulême |Annecy | Arras | Auch | Aurillac | Auxerre | Avignon
70%
Capitale mondiale D Dacca | Dakar | Damas | Dili | Djibouti | Djouba | Dodoma | Doha | Douchanbe |Dublin
70%
Pays G Gabon | Gambie | Géorgie | Ghana | Grèce | Grenade | Guatemala | Guinée | Guinée-Bissau | Guinée équatoriale | Guyana
70%
Pays J Jamaïque | Japon | Jordanie
70%
Pays H Haïti | Honduras | Hongrie
69%
Pays I Îles Marshall | Îles Salomon | Inde| Indonésie | Iran | Irak | Irlande | Islande | Israël | Italie
69%
Élément chimique C Cadmium | Calcium | Californium | Carbone | Cérium | Césium | Chlore | Chrome | Cobalt | Copernicium | Cuivre | Curium
68%
Pays L Laos | Lesotho | Lettonie | Liban| Liberia | Libye | Liechtenstein | Lituanie | Luxembourg
68%
Pays P Pakistan | Palaos | Panama | Papouasie-Nouvelle-Guinée | Paraguay | Pays-Bas | Pérou | Philippines | Pologne | Portugal
68%
Capitale mondiale P Palikir | Panama | Paramaribo | Paris | Pékin | Phnom Penh | Podgorica | Port-au-Prince | Port-d'Espagne | Port-Louis | Port Moresby | Port-Vila | Porto-Novo | Prague | Pretoria | Praia | Pristina | Pyongyang
68%
Pays M Macédoine du Nord | Madagascar | Malaisie | Malawi | Maldives | Mali | Malte | Maroc | Maurice | Mauritanie | Mexique | Micronésie | Moldavie | Monaco | Mongolie | Monténégro | Mozambique
67%
Préfecture française C Caen | Cahors | Carcassonne | Cayenne | Châlons-en-Champagne | Chambéry | Charleville-Mézières | Chartres | Châteauroux | Chaumont | Clermont-Ferrand | Colmar | Créteil
66%
Pays K Kazakhstan | Kenya | Kirghizistan | Kiribati | Kosovo | Koweït
66%
Département français P Paris | Pas-de-Calais | Puy-de-Dôme | Pyrénées-Atlantiques | Pyrénées-Orientales
66%
Préfecture française P Paris | Pau | Périgueux | Perpignan | Poitiers | Privas
66%
Pays R République centrafricaine | République démocratique du Congo | République dominicaine | République tchèque | Roumanie | Royaume-Uni | Russie | Rwanda
66%
Pays N Namibie | Nauru | Népal | Nicaragua | Niger | Nigeria | Norvège | Nouvelle-Zélande
65%
Élément chimique O Oganesson | Or | Osmium | Oxygène
65%
Pays S Saint-Christophe-et-Niévès | Saint-Marin | Saint-Vincent-et-les-Grenadines | Sainte-Lucie | Samoa | Sao Tomé-et-Principe | Sénégal | Serbie | Seychelles | Sierra Leone | Singapour | Slovaquie | Slovénie | Somalie | Soudan | Soudan du Sud | Sri Lank | Suède | Suisse | Suriname | Syrie
65%
Département français C Calvados | Cantal | Charente | Charente-Maritime | Cher | Corrèze | Corse-du-Sud | Côte-d'Or | Côtes-d'Armor | Creuse
63%
Département français D Deux-Sèvres | Dordogne | Doubs |Drôme
63%
Capitale mondiale L La Havane | La Valette | Le Caire | Libreville | Lilongwe | Lima | Lisbonne |Ljubljana | Lomé | Londres | Luanda | Lusaka | Luxembourg
63%
Pays O Oman | Ouganda | Ouzbékistan
62%
Capitale mondiale M Madrid | Majuro | Malabo | Malé | Managua | Manama | Manille | Maputo | Mascate | Maseru | Mbabane | Melekeok | Mexico | Minsk | Mogadiscio | Monaco | Monrovia | Montevideo | Moroni | Moscou
61%
Préfecture française L La Roche-sur-Yon | La Rochelle | Laon | Laval | Le Mans | Le Puy-en-Velay | Lille | Limoges | Lons-le-Saunier | Lyon
60%
Département français M Maine-et-Loire | Manche | Marne | Martinique | MayenneMayotte | Meurthe-et-Moselle | Meuse | Morbihan | Moselle
60%
Pays Q Qatar
60%
Département français E Essonne | Eure | Eure-et-Loir
58%
Département français G Gard | Gers | Gironde | Guadeloupe | Guyane
58%
Département français L La Réunion | Landes | Loir-et-Cher | Loire | Loire-Atlantique | Loiret | Lot | Lot-et | Garonne | Lozère
58%
État des États-unis M Maine | Maryland | Massachusetts | Michigan | Minnesota | Mississippi | Missouri | Montana
58%
Pays T Tadjikistan | Taïwan | Tanzanie | Tchad | Thaïlande | Timor Oriental | Togo | Tonga | Trinité-et-Tobago | Tunisie | Turkménistan | Turquie | Tuvalu | République Tchèque
58%
Capitale mondiale V Vaduz | Varsovie | Vatican | Victoria | Vienne |Vientiane |Vilnius
58%
État des États-unis W Washington | Wisconsin | Wyoming
58%
Élément chimique F Fer | Flérovium | Fluor | Francium
57%
Département français H Haut-Rhin | Haute-Corse | Haute-Garonne | Haute-Loire | Haute-Marne | Haute | Saône | Haute-Savoie | Haute-Vienne | Hautes-Alpes | Hautes-Pyrénées | Hauts-de-Seine | Hérault
57%
Pays U Ukraine | Uruguay
57%
Département français B Bas-Rhin | Bouches-du-Rhône
56%
Préfecture française M Mâcon | Marseille | Melun | Mende | Metz | Mont-de-Marsan | Montauban | Montpellier | Moulins
56%
Pays Z Zambie | Zimbabwe
56%
État des États-unis I Idaho | Illinois | Indiana | Iowa
55%
Pays V Vanuatu | Vatican | Venezuela | Vietnam
55%
Pays Y Yémen
55%
Capitale mondiale C Canberra | Caracas | Castries | Chisinau | Conakry | Copenhague
54%
État des États-unis D Dakota du Nord | Dakota du Sud |Delaware
54%
Capitale mondiale O Oslo | Ottawa | Ouagadougou | Oulan-Bator
54%
Capitale mondiale R Rabat | Reykjavik | Riga | Riyad | Rome | Roseau
54%
Département français V Val-d'Oise | Val-de-Marne | Var | Vaucluse | Vendée | Vienne | Vosges
54%
Capitale mondiale W Washington | Wellington | Windhoek
54%
État des États-unis G Géorgie
53%
Capitale mondiale K Kaboul | Kampala | Katmandou | Khartoum | Kiev | Kigali | Kingston | Kingstown | Kinshasa | Koweït | Kuala Lumpur
53%
État des États-unis N Nebraska | Nevada | New Hampshire | New Jersey | New York | Nouveau-Mexique
53%
Département français I Ille-et-Vilaine | Indre | Indre-et-Loire |Isère
52%
Préfecture française N Nancy | Nanterre | Nantes | Nevers | Nice | Nîmes | Niort
52%
Préfecture française R Rennes | Rodez | Rouen
52%
État des États-unis O Ohio | Oklahoma | Oregon
51%
Capitale mondiale T Tachkent | Taipei | Tallinn | Tarawa-Sud | Tbilissi | Tegucigalpa | Téhéran | Thimphou | Tirana | Tokyo | Tripoli | Tunis
51%
Département français F Finistère
50%
Département français R Rhône
50%
Département français S Saône-et-Loire | Sarthe | Savoie | Seine-et-Marne | Seine-Maritime | Seine-Saint-Denis | Somme
50%
État des États-unis K Kansas | Kentucky
49%
État des États-unis F Floride
48%
Préfecture française T Tarbes | Toulon | Toulouse | Tours | Troyes | Tulle
48%
Département français T Tarn | Tarn-et-Garonne | Territoire de Belfort
47%
Élément chimique B Baryum | Berkélium | Béryllium | Bismuth | Bohrium | Bore | Brome
46%
Département français J Jura
46%
Capitale mondiale S Saint George's | Saint John's | Saint-Domingue | Saint-Marin | San José | San Salvador | Sanaa | Santiago | São Tomé | Sarajevo | Séoul | Singapour | Skopje | Sofia | Sri Jayawardenapura | Stockholm | Sucre | Suva
46%
Élément chimique H Hafnium | Hassium | Hélium | Holmium | Hydrogène
44%
Élément chimique P Palladium | Phosphore | Platine | Plutonium | Plomb | Polonium | Potassium | Praséodyme | Prométhium | Protactinium
44%
État des États-unis T Tennessee | Texas
44%
Préfecture française D Digne-les-Bains | Dijon |Dzaoudzi
43%
Département français N Nièvre | Nord
43%
Capitale mondiale H Hanoi | Harare | Helsinki | Honiara
42%
État des États-unis U Utah
42%
Département français Y Yonne | Yvelines
42%
Préfecture française G Gap | Grenoble | Guéret
41%
État des États-unis P Pennsylvanie
41%
Préfecture française E Épinal | Évreux | Évry-Courcouronnes
40%
Département français O Oise | Orne
40%
État des États-unis L Louisiane
39%
Préfecture française Q Quimper
39%
Préfecture française S Saint-Brieuc | Saint-Denis | Saint-Étienne |Saint-Lô | Strasbourg
39%
Préfecture française V Valence | Vannes | Versailles | Vesoul
39%
Élément chimique M Magnésium | Manganèse | Meitnérium |Mendélévium | Mercure | Molybdène | Moscovium
38%
Élément chimique S Samarium | Scandium | Seaborgium | Sélénium | Silicium | Soufre | Sodium | Strontium
38%
Élément chimique U Uranium
38%
État des États-unis V Vermont | Virginie | Virginie-Occidentale
37%
Élément chimique T Tantale | Technétium | Tellure | Tennesse | Terbium | Thallium | Thorium | Thulium | Titane | Tungstène
36%
Capitale mondiale N Nairobi | Nassau | Naypyidaw | Ndjamena | New Delhi | Ngerulmud | Niamey | Nicosie | Nouakchott | Nukuʻalofa | Nusantara
35%
Capitale mondiale E Erevan
34%
Élément chimique I Indium | Iode | Iridium
34%
Élément chimique R Radium | Radon | Rhénium | Rhodium | Roentgenium | Rubidium | Ruthénium | Rutherfordium
34%
Élément chimique X Xénon
34%
Capitale mondiale G Gaborone| Georgetown | Guatemala
33%
Capitale mondiale Z Zagreb
33%
Capitale mondiale Q Quito
31%
État des États-unis R Rhode Island
31%
État des États-unis E Einsteinium | Erbium | Étain | Europium
30%
Élément chimique E Erbium | Einsteinium | Europium | Etain
30%
Élément chimique N Néodyme | Néon | Neptunium | Nickel | Nihonium | Niobium | Nobelium
30%
Préfecture française O Orléans
28%
Capitale mondiale I Islamabad
27%
Élément chimique Z Zinc | Zirconium
27%
Élément chimique L Lanthane | Lawrencium | Lithium |Livermorium | Lutécium
24%
Capitale mondiale Y Yamoussoukro | Yaoundé | Yaren
23%
Préfecture française H Hawaï
22%
Élément chimique K Krypton
22%
Préfecture française F Foix | Fort-de-France
21%
Capitale mondiale J Jérusalem
20%
Capitale mondiale F Fanafuti | Freetown
18%
Élément chimique G Gadolinium | Gallium | Germanium
18%
Élément chimique Y Ytterbium | Yttrium
9%
Élément chimique V Vanadium
8%
Élément chimique D Darmstadtium | Dubnium | Dysprosium
6%
Aucun quiz correspondant
Distribution des résultats
% des personnes avec chaque résultat
Percentile par nombre de réponses
Votre historique - résultats
Vous n’avez pas pris ce quiz